000 00671nam a2200265Ia 4500
005 20260121170044.0
008 008 260114s9999 xx 000 0 eng d
020 _a9783319301860
037 _aEBOOK
040 _aCRL
040 _beng
040 _cCRL
041 _2eng
041 _aeng
084 _qCRL
100 _aAugustine Agwuele
_91059265
245 4 _aThe Symbolism and Communicative Contents of Dreadlocks in Yorubaland
260 _bSpringer
260 _bSpringer
260 _c2016
856 _uhttps://link.springer.com/openurl?genre=book&isbn=978-3-319-30186-0
942 _cEBOOK
999 _c1624994
_d1624994